Quiz cinéma français "Les Visiteurs 2" - Statistiques

Statistiques générales
  • Ce quiz a été pris 75 fois
  • Le résultat moyen est 9 sur 15
Statistiques - réponses
Hint Réponse % Correct
Comment appelle t-on la télévision pour faciliter la compréhension de Jacqouille ? la boîte à troubadour
82%
Complétez cette célèbre phrase "Ils sont revenus les ..." ? Malades
82%
En quoi se transforme Jean-Pierre lorsque il boit la potion dans son salon ? Balles de golf
80%
Quelle actrice interprète le rôle de Béatrice dans le deuxième film des Visiteurs ? Muriel Robin
80%
En quoi Godefroy et Jacquouille se déguisent-ils et gronde un petit homme ? gendarme
79%
Quelle marque de chocolat Jacqouille la Fripouille adore t-il ? Crunch
77%
Quel alcool est utilisé sur le canapé pour senser éteindre le feu mais qui ne l'éteint pas du tout ! Vodka
74%
Qui est un "bon compagnon" selon Jacqouille la Fripouille ? Paulo
67%
Comment Dame Ginette et Jacqouille surnomment-ils Dame Béatrice ? Poufiasse
64%
Quel est le prénom du frère de Jacquouille au Moyen-Age (le purineur) Prosper
64%
Où Jacqouille cache t-il la boîte de cigares et les bijoux dans le monde moderne ? Congélateur
56%
Comment se prénomme la femme d'Hubert (cousin Hubert) ? Cora
45%
Comment s'appelle l'inquisiteur dans les Visiteurs 2 ? Frère Ponce
29%
Comment s'appelle la patiente de Jean-Pierre dans son cabinet de dentiste ? Mme... Frangin
24%
Comment s'appelle Jacquouillet l' accusateur public de l'époque de la Révolution française, qui un descendant de Jacquouille et ascendant de Jacques-Henri Jacquart. (Fin du film) Jacquouillet
21%
Aucun quiz correspondant
Distribution des résultats
% des personnes avec chaque résultat
Percentile par nombre de réponses
Votre historique - résultats
Vous n’avez pas pris ce quiz